Γεωγραφική κατανομή των εργασιών της Εθνικής Τράπεζας της Ελλάδος (1861-1900) = Geographic distribution of activities of the National Bank of Greece (1861-1900)

Αποθηκεύτηκε σε:
Λεπτομέρειες βιβλιογραφικής εγγραφής
Κύριος συγγραφέας: Θωμαδάκης, Σταύρος Β.
Μορφή: Βιβλίο
Γλώσσα:Greek
English
Δημοσίευση: Αθήνα : Μορφωτικό Ίδρυμα Εθνικής Τραπέζης, 1984.
Σειρά:Επεξεργασμένα στοιχεία οικονομικής ιστορίας
Θέματα:
Ετικέτες: Προσθήκη ετικέτας
Δεν υπάρχουν, Καταχωρήστε ετικέτα πρώτοι!

MARC

LEADER 00000cam a2200000 i 4500
001 1/51424
008 040316s1984####gr | | ||| |||| ||gre||
035 |l 10072749 
040 |a GR-MyUA  |b gre  |e AACR2 
041 0 |a gre  |a eng 
082 0 |a 332.109495   |2 (21)  
100 1 |a Θωμαδάκης, Σταύρος Β. 
245 1 0 |a Γεωγραφική κατανομή των εργασιών της Εθνικής Τράπεζας της Ελλάδος (1861-1900) =   |b Geographic distribution of activities of the National Bank of Greece (1861-1900)/   |c Σταύρου Θωμαδάκη.  
246 1 |i Παράλληλος τίτλος:   |a Geographic distribution of activities of the National Bank of Greece (1861-1900).  
260 |a Αθήνα :   |b Μορφωτικό Ίδρυμα Εθνικής Τραπέζης,   |c 1984.  
300 |a 60 σ. :   |b πίν. ;   |c 22 εκ.  
490 1 |a (Επεξεργασμένα στοιχεία οικονομικής ιστορίας) 
650 0 0 |a Banks and banking  |z Greece  |x History  |y 19th century. 
830 0 |a Επεξεργασμένα στοιχεία οικονομικής ιστορίας 
852 |a INST  |b CHIOS  |e 20050823  |h 332.109495 ΘΩΜ  |p 005200023078  |q 005200023078  |t BK  |y 0 
852 |a INST  |b LESVOS  |e 20040316  |h 332.109495 ΘΩΜ  |p 005100030845  |q 005100030845  |t BK  |y 0 
901 |a BIBL1-2004-1 
901 |a BIBL2-2005-2 
970 |a ΤΖΑΦΕΡΗ  |b ΕΥΑΓΓΕΛΙΑ  |z 2004/03/16